Central Library OPAC University of Rajshahi

Income stabilization for a developing democracy : (Record no. 3644)

MARC details
000 -LEADER
fixed length control field 01021mam a2200301 4500
001 - CONTROL NUMBER
control field 3644
003 - CONTROL NUMBER IDENTIFIER
rucl marc code BD-RjUL
005 - DATE AND TIME OF LATEST TRANSACTION
control field 20211208233750.0
008 - FIXED-LENGTH DATA ELEMENTS--GENERAL INFORMATION
fixed length control field 131219s1953 ctua b 001 0 eng
035 ## - SYSTEM CONTROL NUMBER
System control number (OCoLC)ocm00330716
System control number (BD-RjUL)3678
System control number (NNC)1760186
040 ## - CATALOGING SOURCE
Original cataloging agency DLC
Transcribing agency CSU
Modifying agency OCL
-- UKM
-- BD-RjUL
Language of cataloging eng
041 ## - LANGUAGE CODE
Language code of text/sound track or separate title eng
082 00 - DEWEY DECIMAL CLASSIFICATION NUMBER
Classification number 338.91
Author mark and year INC 1953
100 1# - MAIN ENTRY--PERSONAL NAME
Personal name Millikan, Max F.,
9 (RLIN) 11554
245 10 - TITLE STATEMENT
Title Income stabilization for a developing democracy :
Remainder of title a study of the politics and economics of high employment without inflation.
Statement of responsibility, etc. ed. by Max F Millikan.
260 ## - PUBLICATION, DISTRIBUTION, ETC. (IMPRINT)
Place of publication, distribution, etc. New Haven :
Name of publisher, distributor, etc. Yale University Press,
Date of publication, distribution, etc. c1953.
300 ## - PHYSICAL DESCRIPTION
Pagination xxi, 730 p. :
Illustrations ill ;
Size 24 cm.
490 1# - SERIES STATEMENT
Series statement Studies in national policy ;
Volume/sequential designation 5
504 ## - BIBLIOGRAPHY, ETC. NOTE
Bibliography, etc Includes Index & Bibliographical footnotes.
650 #0 - SUBJECT ADDED ENTRY--TOPICAL TERM
Topical term or geographic name as entry element Economic policy.
9 (RLIN) 11555
Topical term or geographic name as entry element Income.
9 (RLIN) 11556
651 #0 - SUBJECT ADDED ENTRY--GEOGRAPHIC NAME
Geographic name United States
General subdivision Economic policy.
9 (RLIN) 11557
830 #0 - SERIES ADDED ENTRY--UNIFORM TITLE
Uniform title Studies in national policy ;
Volume number/sequential designation 5.
942 ## - ADDED ENTRY ELEMENTS (KOHA)
Source of classification or shelving scheme Dewey Decimal Classification
Koha item type Books
Holdings
Lost status Source of classification or shelving scheme Damaged status Not for loan Collection code Permanent Location Current Location Shelving location Date acquired Source of acquisition Cost, normal purchase price Total Checkouts Full call number Date last seen Copy number Koha item type
  Dewey Decimal Classification     Non-fiction Central Library, University of Rajshahi Central Library, University of Rajshahi   03/07/1957 Publishers limited 32.80   338.91 INC 1953 19/12/2013 C-2 Books
  Dewey Decimal Classification     Non-fiction Central Library, University of Rajshahi Central Library, University of Rajshahi   07/06/1956 M. S. suppliers 43.12   338.91 INC 1953 25/06/2016 C-3 Books
  Dewey Decimal Classification     Non-fiction Central Library, University of Rajshahi Central Library, University of Rajshahi   25/03/1963 Zeitlinger 35.00   338.91 INC 1953 25/06/2016 C-4 Books